Fővárosi művészek az újszegedi szövőgyárban
Elmentve itt :
| Szerző: | |
|---|---|
| Dokumentumtípus: | Cikk |
| Megjelent: |
1966-10-25
|
| Sorozat: | Délmagyarország
56 No. 252 |
| Kulcsszavak: | KSZV Újszegedi Egysége, Szövőgyár Újszeged 1966, szórakoztató műsorok |
| Online Access: | http://dmarchiv.bibl.u-szeged.hu/66923 |
| LEADER | 00543nab a2200157 i 4500 | ||
|---|---|---|---|
| 001 | delm66923 | ||
| 005 | 20180927153725.0 | ||
| 008 | 180927s1966 hu o 0|| hun d | ||
| 040 | |a SZTE Délmagyarország Archívum |b hun | ||
| 041 | |a hun | ||
| 100 | 1 | |a Nikolényi István | |
| 245 | 1 | 0 | |a Fővárosi művészek az újszegedi szövőgyárban |h [elektronikus dokumentum] / |c Nikolényi István |
| 260 | |c 1966-10-25 | ||
| 300 | |a 5 | ||
| 490 | 0 | |a Délmagyarország |v 56 No. 252 | |
| 695 | |a KSZV Újszegedi Egysége, Szövőgyár Újszeged 1966, szórakoztató műsorok | ||